Hiện trạng chất thải rắn sinh hoạt và các biện pháp quản lý, xử lý ở thị xã Cửa Lò – Nghệ An
Tìm hiểu hiện trạng chất thải rắn sinh hoạt ở Thị xã Cửa Lò. Từ đó đưa ra những giải pháp thích hợp và lựa chọn phương pháp tối ưu để quản lý và xử lý chất thải rắn ngày càng hiệu quả hơn.
Zapisane w:
| 1. autor: | |
|---|---|
| Kolejni autorzy: | |
| Format: | Książka |
| Język: | Vietnamese |
| Wydane: |
Đà Nẵng
Đại học Sư phạm, Đại học Đà Nẵng
2013
|
| Hasła przedmiotowe: | |
| Etykiety: |
Dodaj etykietę
Nie ma etykietki, Dołącz pierwszą etykiete!
|
| Thư viện lưu trữ: | Mạng thư viện Đại học Đà Nẵng |
|---|
| LEADER | 01795nam a2200361 4500 | ||
|---|---|---|---|
| 001 | 000018885 | ||
| 003 | 15320 | ||
| 005 | 20140121080113.0 | ||
| 008 | 140115s2013 viesd | ||
| 041 | |a vie | ||
| 082 | 1 | 4 | |a 910.162844 |b TR-H |
| 100 | 1 | |a Trần Thị Hòa | |
| 245 | 1 | 0 | |a Hiện trạng chất thải rắn sinh hoạt và các biện pháp quản lý, xử lý ở thị xã Cửa Lò – Nghệ An |c Trần Thị Hòa ; Nguyễn Văn Nam hướng dẫn |k Khóa luận tốt nghiệp |
| 260 | |a Đà Nẵng |b Đại học Sư phạm, Đại học Đà Nẵng |c 2013 | ||
| 300 | |a 56 tr. |b Hình mh. |c 29 cm. | ||
| 500 | |a Khóa luận tốt nghiệp đại học. Chuyên ngành: Cử nhân Địa lý - Môi trường | ||
| 520 | |a Tìm hiểu hiện trạng chất thải rắn sinh hoạt ở Thị xã Cửa Lò. Từ đó đưa ra những giải pháp thích hợp và lựa chọn phương pháp tối ưu để quản lý và xử lý chất thải rắn ngày càng hiệu quả hơn. | ||
| 650 | 0 | 4 | |a Chất thải rắn |v Khóa luận tốt nghiệp |x Xử lý |z Nghệ An (Cửa Lò) |
| 653 | |a Chất thải rắn sinh hoạt | ||
| 653 | |a Khoa Địa lý | ||
| 653 | |a Quản lý chất thải | ||
| 653 | |a Bảo vệ môi trường | ||
| 700 | 1 | |a Nguyễn Văn Nam |e Hướng dẫn | |
| OWN | |a LSP | ||
| AVA | |a UDN50 |b LSP |d 910.162844 TR-H |e available |t Error 5001 Not defined in file expand_doc_bib_avail. |f 1 |g 0 |h N |i 0 |k 1 | ||
| 999 | |a From the UDN01 | ||
| AVA | |a UDN50 |b LSP |d 910.162844 TR-H |e available |t Error 5001 Not defined in file expand_doc_bib_avail. |f 1 |g 0 |h N |i 0 |k 1 | ||
| TYP | |a Monograph | ||
| TYP | |a Printed language | ||
| 980 | |a Mạng thư viện Đại học Đà Nẵng | ||